000 01046cam a2200253 a 4500
001 5
003 BR-CuiBMT
005 20231129071214.0
008 230710s2013 mtba 000 0 por d
020 _a9788580090703
040 _aBR-CuiBMT
_cBR-CuiBMT
080 _22007
_a351.94:336.148
_x(817.2)
_x(091)
090 _a351.94:336.148(817.2)(091)
_bC575
245 0 0 _aCinquenta + 10 anos de história do Tribunal de Contas do Estado de Mato Grosso :
_b1953 - 2013 /
_cNeila Maria de Souza Barreto, organizadora.
246 1 2 _a50 + 10 anos :
_bde história do Tribunal de Contas do Estado de Mato Grosso : 1953 - 2013.
260 _aCuiabá :
_bCarlini & Caniato,
_c2013.
300 _a344 p. :
_bil. color. ;
_c29 cm
504 _aInclui bibliografia.
650 _aTribunal de Contas
_zMato Grosso
_xHistória
650 _aTribunal de Contas
_zMato Grosso
700 1 _aBarreto, Neila Maria Souza
_4org.
856 4 _uhttps://www.tce.mt.gov.br/uploads/flipbook/50-10Anos_1953-2013/index.html
_yDisponível também online.
_927/09/2023
942 _2udc
_cLV
999 _c5
_d5